[Event "1st Abu Dhabi Super Blitz"]
[Site "chess.com INT"]
[Date "2020.04.15"]
[Round "1"]
[White "Polok, Kacper"]
[Black "Nestorovic, Nikola"]
[Result "0-1"]
[WhiteTitle "FM"]
[BlackTitle "GM"]
[WhiteElo "2288"]
[BlackElo "2470"]
[WhiteFideId "1137158"]
[BlackFideId "934526"]
[EventDate "2020.04.15"]
[EventType "blitz"]

1. e4 e5 2. Nf3 Nc6 3. Bb5 a6 4. Ba4 Nf6 5. Qe2 b5 6. Bb3 Be7 7. c3 O-O 8. O-O
d6 9. Rd1 Na5 10. Bc2 c5 11. d4 Qc7 12. d5 Bd7 13. Nbd2 Rfe8 14. Nf1 h6 15. h3
Bf8 16. g4 g6 17. Ng3 Bg7 18. Kh2 c4 19. Rg1 Nh7 20. Be3 Qd8 21. Qd2 g5 22. Nf5
Bxf5 23. gxf5 Nb7 24. Rg2 Nc5 25. Rag1 f6 26. h4 Re7 27. hxg5 hxg5 28. Nxg5 fxg5
29. Bxg5 Nxg5 30. Qxg5 Rf7 31. Qxg7+ Rxg7 32. Rxg7+ Kh8 33. R1g5 Qf8 34. R7g6
Ra7 35. f6 Rh7+ 36. Kg3 Nd7 37. Rg7 Nxf6 0-1

[Event "1st Abu Dhabi Super Blitz"]
[Site "chess.com INT"]
[Date "2020.04.15"]
[Round "1"]
[White "Quparadze, Giga"]
[Black "Martinez Reyes, Pedro Ramon"]
[Result "1-0"]
[WhiteTitle "GM"]
[BlackTitle "FM"]
[WhiteElo "2463"]
[BlackElo "2416"]
[WhiteFideId "13602250"]
[BlackFideId "3901807"]
[EventDate "2020.04.15"]
[EventType "blitz"]

1. e4 e6 2. Qe2 Be7 3. g3 d5 4. Bg2 Nf6 5. e5 Nfd7 6. f4 Nc6 7. Nf3 O-O 8. O-O
a5 9. d4 b6 10. Qf2 f5 11. exf6 Nxf6 12. c3 a4 13. Re1 Ne4 14. Qc2 a3 15. Nbd2
axb2 16. Bxb2 Nxd2 17. Nxd2 Bf6 18. Nf3 Bd7 19. a4 Na5 20. Ba3 Re8 21. Nd2 c5
22. dxc5 bxc5 23. Bxc5 Qc7 24. Bb4 Rac8 25. Rac1 Nc6 26. Bc5 Qa5 27. Bf2 Nd4 28.
Qd3 Nf5 29. Nb3 Rxc3 30. Qd2 Qb4 31. Nc5 Bc8 32. Nd3 Qc4 33. Nc5 d4 34. Ne4 Rxc1
35. Rxc1 Qxa4 36. Nxf6+ gxf6 37. Bc6 Qa5 38. Qxa5 1-0

[Event "1st Abu Dhabi Super Blitz"]
[Site "chess.com INT"]
[Date "2020.04.15"]
[Round "1"]
[White "Astaneh Lopez, Alex"]
[Black "Esipenko, Andrey"]
[Result "0-1"]
[WhiteTitle "IM"]
[BlackTitle "GM"]
[WhiteElo "2430"]
[BlackElo "2682"]
[WhiteFideId "2501430"]
[BlackFideId "24175439"]
[EventDate "2020.04.15"]
[EventType "blitz"]

1. Nf3 d5 2. e3 Nf6 3. c4 e6 4. Nc3 Be7 5. d4 O-O 6. Bd3 a6 7. a4 b6 8. cxd5
exd5 9. a5 b5 10. h3 Bb7 11. O-O Nbd7 12. Ne5 c5 13. f4 b4 14. Ne2 Ne4 15. Bxe4
dxe4 16. Nxd7 Qxd7 17. dxc5 Qc7 18. Bd2 Bxc5 19. Qe1 Rfd8 20. Kh1 Rd3 21. Nc1
Qd7 22. Nxd3 exd3 23. Qg3 Re8 24. Rac1 Bf8 25. f5 Bd6 26. Qg4 Re4 27. Qg5 h6 28.
Qh5 Bg3 29. Qf3 Be5 30. Qf2 Bxb2 31. Rb1 Bc3 32. Rfd1 Re5 33. Rf1 Rc5 34. e4 Rc4 0-1

[Event "1st Abu Dhabi Super Blitz"]
[Site "chess.com INT"]
[Date "2020.04.15"]
[Round "1"]
[White "Cvitan, Ognjen"]
[Black "Le, Tuan Minh"]
[Result "0-1"]
[WhiteTitle "GM"]
[BlackTitle "IM"]
[WhiteElo "2467"]
[BlackElo "2501"]
[WhiteFideId "14500086"]
[BlackFideId "12401153"]
[EventDate "2020.04.15"]
[EventType "blitz"]

1. d4 d5 2. c4 c6 3. cxd5 cxd5 4. Nc3 Nf6 5. Nf3 Nc6 6. Bf4 a6 7. Rc1 Bf5 8. e3
Rc8 9. Be2 e6 10. O-O Bd6 11. Bxd6 Qxd6 12. Na4 O-O 13. Nc5 Rc7 14. Qb3 Rb8 15.
Rc3 Ne4 16. Nxe4 Bxe4 17. Qb6 Bxf3 18. Bxf3 Qd8 19. Rfc1 Rd7 20. Qb3 g6 21. Be2
Ne7 22. Qa4 Nf5 23. Bd3 Nd6 24. Qb4 h5 25. a4 Kg7 26. b3 a5 27. Qa3 Rc8 28. Rxc8
Nxc8 29. Qb2 Rc7 30. Rc3 Nd6 31. Qc2 Rxc3 32. Qxc3 b6 33. Qc6 Ne8 34. h4 Nf6 35.
g3 Ng4 36. Be2 Nh6 37. Kf1 Nf5 38. Bd3 Ne7 39. Qb7 Qd6 40. Bb5 Qb4 41. Kg2 Qd6
42. Be8 Kf8 43. Bb5 Nf5 44. Qc8+ Kg7 45. Bd3 Nh6 46. Qc2 Qb4 47. Bb5 Ng4 48. Be2
Nf6 49. Bf3 Qe1 50. Qc6 Qb4 51. Qc2 b5 52. axb5 Qxb5 53. Be2 Qb4 54. Qd3 Ne4 55.
Bf3 Nc3 56. Bd1 Ne4 57. Bf3 Nd6 58. Qa6 Nf5 59. Qd3 Qa3 60. e4 dxe4 61. Bxe4 Nd6
62. d5 e5 63. f4 Qb2+ 64. Kh3 exf4 65. gxf4 Qf6 66. Kg3 Qa1 67. f5 Qe1+ 68. Kf3
Qxh4 69. fxg6 Qh3+ 70. Ke2 Qh2+ 71. Kd1 Qg1+ 72. Kc2 Qf2+ 73. Kb1 Qe1+ 74. Ka2
Qxe4 0-1

[Event "1st Abu Dhabi Super Blitz"]
[Site "chess.com INT"]
[Date "2020.04.15"]
[Round "2"]
[White "Anisimov, Pavel2"]
[Black "Disconzi da Silva, Rodrigo"]
[Result "1-0"]
[WhiteTitle "GM"]
[BlackTitle "IM"]
[WhiteElo "2527"]
[BlackElo "2333"]
[WhiteFideId "4135229"]
[BlackFideId "2100991"]
[EventDate "2020.04.15"]
[EventType "blitz"]

1. e4 c5 2. Ne2 e6 3. g3 Nc6 4. Bg2 Nf6 5. O-O d6 6. c3 Be7 7. d4 cxd4 8. cxd4
d5 9. e5 Nd7 10. Be3 h6 11. Nbc3 g5 12. f4 b6 13. f5 Nf8 14. a3 Qd7 15. Rc1 Bb7
16. b4 a5 17. b5 Na7 18. Qd3 Bxa3 19. Rb1 Bb4 20. fxe6 fxe6 21. Bf3 O-O-O 22.
Bh5 Rh7 23. Na4 Qxb5 24. Qc2+ Kb8 25. Nec3 Qc6 26. Rxf8 Rxf8 27. Qxh7 Bxc3 28.
Nxb6 Rd8 29. Na4 Rd7 30. Qh8+ Nc8 31. Nc5 Bb4 32. Nxd7+ Qxd7 33. Qxh6 Qb5 34.
Qg6 Qd3 35. Qxd3 1-0

[Event "1st Abu Dhabi Super Blitz"]
[Site "chess.com INT"]
[Date "2020.04.15"]
[Round "2"]
[White "Florescu, Codrut-Constantin"]
[Black "Postny, Evgeny"]
[Result "1/2-1/2"]
[WhiteTitle "IM"]
[BlackTitle "GM"]
[WhiteElo "2293"]
[BlackElo "2600"]
[WhiteFideId "1202200"]
[BlackFideId "2804344"]
[EventDate "2020.04.15"]
[EventType "blitz"]

1. d4 d5 2. c4 dxc4 3. Nf3 Nf6 4. e3 b5 5. a4 b4 6. Bxc4 e6 7. O-O Bb7 8. Nbd2
Be7 9. Re1 O-O 10. e4 c5 11. e5 Nd5 12. Ne4 cxd4 13. Nxd4 Nc6 14. Nxc6 Bxc6 15.
Qg4 Kh8 16. Bg5 Bxg5 17. Nxg5 h6 18. Ne4 Nb6 19. Rad1 Qe7 20. Bb5 Bxb5 21. axb5
Nc4 22. Nd6 Nxb2 23. Rd4 a5 24. h4 Na4 25. Re3 Nc3 26. Rg3 Rg8 27. Rf4 Raf8 28.
Qh5 f5 29. exf6 Rxf6 30. Rxf6 Qxf6 31. Nf7+ Kh7 32. Ng5+ Kh8 33. Nf7+ Kh7 34.
Ng5+ Kh8 35. Nf7+ 1/2-1/2

[Event "1st Abu Dhabi Super Blitz"]
[Site "chess.com INT"]
[Date "2020.04.15"]
[Round "2"]
[White "Mekhitarian, Krikor Sevag"]
[Black "Edouard, Romain"]
[Result "0-1"]
[WhiteTitle "GM"]
[BlackTitle "GM"]
[WhiteElo "2554"]
[BlackElo "2649"]
[WhiteFideId "2107660"]
[BlackFideId "633429"]
[EventDate "2020.04.15"]
[EventType "blitz"]

1. Nf3 c5 2. c4 Nc6 3. Nc3 Nf6 4. d4 cxd4 5. Nxd4 e6 6. a3 Bc5 7. Nb3 Bb6 8. c5
Bc7 9. g3 O-O 10. Bg2 b6 11. O-O Rb8 12. Qc2 Ba6 13. Rd1 Qe7 14. Bg5 Be5 15. Ne4
h6 16. Bxf6 Bxf6 17. Nxf6+ Qxf6 18. Rxd7 Rfc8 19. Rad1 bxc5 20. Bxc6 Rxc6 21.
Rxa7 Rcb6 22. Nxc5 Rxb2 23. Qe4 Bxe2 24. Re1 Bf3 25. Qe3 Rb1 26. Nd7 Qd4 27.
Qxf3 Rxe1+ 28. Kg2 Qxa7 29. Nxb8 Qxb8 30. Qc3 Qb7+ 31. Kh3 Rb1 32. Qc5 Rb5 33.
Qd6 Rh5+ 34. Kg4 Rd5 35. Qe7 Qxe7 0-1

[Event "1st Abu Dhabi Super Blitz"]
[Site "chess.com INT"]
[Date "2020.04.15"]
[Round "2"]
[White "Nestorovic, Nikola"]
[Black "Bortnyk, Olexandr"]
[Result "0-1"]
[WhiteTitle "GM"]
[BlackTitle "GM"]
[WhiteElo "2470"]
[BlackElo "2598"]
[WhiteFideId "934526"]
[BlackFideId "14120828"]
[EventDate "2020.04.15"]
[EventType "blitz"]

1. e4 Nf6 2. e5 Nd5 3. d4 d6 4. Nf3 dxe5 5. Nxe5 c6 6. Bc4 Nd7 7. Nxd7 Qxd7 8.
O-O Qg4 9. Qxg4 Bxg4 10. c3 e6 11. Nd2 O-O-O 12. Ne4 Bf5 13. Re1 h6 14. a4 a5
15. Bf1 Be7 16. g3 Nf6 17. Nxf6 Bxf6 18. Bg2 Rhe8 19. Bf4 Kd7 20. Be5 Bxe5 21.
Rxe5 Ra8 22. f4 Bd3 23. Bf1 Bc2 24. Kf2 Kc7 25. Be2 b6 26. Ke1 Rad8 27. h4 Bh7
28. h5 f6 29. Re3 e5 30. dxe5 fxe5 31. fxe5 Rd5 32. e6 Bg8 33. Bf3 Rd6 34. Rd1
Rdxe6 35. Rxe6 Bxe6 36. Kf2 Bb3 37. Rd4 Re7 38. Be2 Rd7 39. Rg4 Be6 40. Re4 Bb3
41. Rg4 Kd8 42. Ke3 Re7+ 43. Kd2 Rd7+ 44. Ke3 Ke8 45. Bd3 Bd1 46. Re4+ Re7 47.
Rxe7+ Kxe7 48. Be4 Kd6 49. Kf4 Bxh5 50. Bc2 Bf7 51. b4 Bg8 52. Bd1 Be6 53. Bc2
g5+ 54. Ke4 h5 55. Bd1 h4 56. gxh4 gxh4 57. Kf4 c5 58. bxa5 bxa5 59. Bf3 Bd7 60.
Bd1 h3 61. Kg3 Kd5 62. Be2 Ke4 63. Bb5 Be6 64. Kh2 Ke3 65. Kg3 Kd2 66. c4 Kc3
67. Kh2 Bxc4 68. Kxh3 Kb4 69. Bd7 Bb3 70. Kg3 c4 71. Be6 c3 72. Bf5 c2 73. Bxc2
Bxc2 74. Kf2 Kxa4 75. Ke1 Kb3 76. Kd2 a4 77. Kc1 a3 78. Kd2 a2 0-1

[Event "1st Abu Dhabi Super Blitz"]
[Site "chess.com INT"]
[Date "2020.04.15"]
[Round "2"]
[White "Blohberger, Felix"]
[Black "Le, Quang Liem"]
[Result "0-1"]
[WhiteTitle "IM"]
[BlackTitle "GM"]
[WhiteElo "2467"]
[BlackElo "2709"]
[WhiteFideId "1632051"]
[BlackFideId "12401137"]
[EventDate "2020.04.15"]
[EventType "blitz"]

1. d4 Nf6 2. c4 e6 3. Nc3 Bb4 4. e3 O-O 5. Bd3 c5 6. Nf3 d5 7. cxd5 exd5 8. dxc5
Nbd7 9. O-O Nxc5 10. Ne2 Nxd3 11. Qxd3 Qb6 12. Bd2 Be7 13. Bc3 Bd7 14. Nfd4 g6
15. b3 Rac8 16. Bb2 Rfd8 17. Rac1 Bf8 18. h3 Bg7 19. Nc3 Be8 20. Rc2 Qd6 21.
Rfc1 Qb8 22. Nce2 a6 23. Rxc8 Rxc8 24. Rxc8 Qxc8 25. Qc3 Qd8 26. Qb4 Qc7 27. Qc3
Qxc3 28. Nxc3 Bf8 29. Kf1 Bd6 30. Ke2 Kf8 31. f3 Ke7 32. g4 h6 33. h4 Bc6 34. g5
hxg5 35. hxg5 Ne8 36. Kd2 Nc7 37. Nxc6+ bxc6 38. Ne2 Ne6 39. Bf6+ Kd7 40. Kc2 c5
41. Nc3 Kc6 42. Ne2 Bc7 43. Kd3 Bb6 44. f4 c4+ 45. bxc4 dxc4+ 46. Kxc4 Bxe3 47.
Be5 Bd2 48. Kd3 Bb4 49. Kc4 Bd2 50. Kd3 Ba5 51. Kc4 Bb6 52. Ng3 Be3 53. Ne2 Bf2
54. Nd4+ Bxd4 55. Bxd4 Nxf4 56. Be5 Ne6 57. Bf6 Nc5 58. Kd4 Nd7 59. Be7 Nb6 60.
Ke5 Kd7 61. Bc5 Nc4+ 62. Kf6 Ke8 63. Bd4 Nd6 64. Ke5 Nb5 65. Bc5 Kd7 66. a4 Nc3
67. Kd4 Nxa4 68. Ba7 Kc6 69. Kc4 Nb6+ 70. Kb4 Nd7 71. Kc4 Kd6 72. Bd4 Ke6 0-1

[Event "1st Abu Dhabi Super Blitz"]
[Site "chess.com INT"]
[Date "2020.04.15"]
[Round "3"]
[White "Anisimov, Pavel2"]
[Black "Gadimbayli, Abdulla"]
[Result "0-1"]
[WhiteTitle "GM"]
[BlackTitle "IM"]
[WhiteElo "2527"]
[BlackElo "2470"]
[WhiteFideId "4135229"]
[BlackFideId "13404938"]
[EventDate "2020.04.15"]
[EventType "blitz"]

1. d4 d5 2. Bf4 Nf6 3. e3 e6 4. Nd2 c5 5. c3 Nc6 6. Bd3 Bd6 7. Bg3 O-O 8. Ngf3
b6 9. Qe2 Bb7 10. O-O Ne7 11. Ne5 Nf5 12. Bf4 Ne4 13. Bxe4 dxe4 14. Ndc4 Ba6 15.
dxc5 Bxe5 16. Bxe5 Qd5 17. Rfd1 Bxc4 18. Rxd5 Bxe2 19. Rd2 Bd3 20. c6 Rac8 21.
c7 f6 0-1

[Event "1st Abu Dhabi Super Blitz"]
[Site "chess.com INT"]
[Date "2020.04.15"]
[Round "3"]
[White "Bocharov, Dmitry"]
[Black "Heberla, Bartlomiej"]
[Result "1-0"]
[WhiteTitle "GM"]
[BlackTitle "GM"]
[WhiteElo "2524"]
[BlackElo "2572"]
[WhiteFideId "4138716"]
[BlackFideId "1115120"]
[EventDate "2020.04.15"]
[EventType "blitz"]

1. c4 e5 2. d3 Nf6 3. Nf3 Nc6 4. a3 d5 5. cxd5 Nxd5 6. e4 Nb6 7. Be3 Be7 8. Nbd2
O-O 9. Rc1 Be6 10. Be2 Qd7 11. O-O a5 12. Nb3 a4 13. Nc5 Bxc5 14. Rxc5 f6 15.
Qc2 Bg4 16. Rd1 Bxf3 17. Bxf3 Nc8 18. h3 Nd6 19. d4 exd4 20. Bxd4 Nxd4 21. Rxd4
c6 22. Rxa4 Rxa4 23. Qxa4 Nb5 24. e5 fxe5 25. Rxe5 Re8 26. Qb3+ Kf8 27. Bg4 Qf7
28. Rf5 1-0

[Event "1st Abu Dhabi Super Blitz"]
[Site "chess.com INT"]
[Date "2020.04.15"]
[Round "3"]
[White "Kashlinskaya, Alina"]
[Black "Neiksans, Arturs"]
[Result "1-0"]
[WhiteTitle "IM"]
[BlackTitle "GM"]
[WhiteElo "2494"]
[BlackElo "2557"]
[WhiteFideId "4198026"]
[BlackFideId "11601388"]
[EventDate "2020.04.15"]
[EventType "blitz"]

1. d4 Nf6 2. c4 e6 3. Nf3 b6 4. a3 Bb7 5. Nc3 d5 6. cxd5 Nxd5 7. Qc2 Nxc3 8.
bxc3 Be7 9. e4 O-O 10. Bd3 c5 11. O-O cxd4 12. cxd4 Nd7 13. Bb2 Rc8 14. Qe2 Nf6
15. Rad1 Qc7 16. Rfe1 Qb8 17. h3 Rfd8 18. Qe3 Qa8 19. Bb1 Ba6 20. Qf4 Rf8 21. d5
exd5 22. exd5 Bd8 23. Bxf6 1-0

[Event "1st Abu Dhabi Super Blitz"]
[Site "chess.com INT"]
[Date "2020.04.15"]
[Round "3"]
[White "Maghsoodloo, Parham"]
[Black "Svidler, Peter"]
[Result "1/2-1/2"]
[WhiteTitle "GM"]
[BlackTitle "GM"]
[WhiteElo "2676"]
[BlackElo "2723"]
[WhiteFideId "12539929"]
[BlackFideId "4102142"]
[EventDate "2020.04.15"]
[EventType "blitz"]

1. e4 e5 2. Nf3 Nc6 3. Bb5 a6 4. Ba4 Nf6 5. O-O Be7 6. Re1 b5 7. Bb3 O-O 8. h3
Bb7 9. d3 d6 10. a3 Qd7 11. Nc3 Nd8 12. Nd5 Nxd5 13. exd5 c6 14. c4 cxd5 15.
cxd5 f6 16. a4 Nf7 17. d4 Rfe8 18. Bd2 Bd8 19. Bc3 Bb6 20. a5 Ba7 21. Qd3 Rac8
22. Re2 Re7 23. Rae1 Rce8 24. dxe5 fxe5 25. Kh1 g6 26. Nd2 Nh6 27. Ne4 Rf8 28.
Bb4 Nf5 29. Kh2 h6 30. f4 Kh7 31. Nxd6 Nxd6 32. fxe5 Nc4 33. Bxe7 Qxe7 34. d6
Qg5 35. Qg3 Qxg3+ 36. Kxg3 Bc5 37. Rd1 Ne3 38. Rc1 Nf1+ 39. Rxf1 Rxf1 40. Rc2
Bd4 41. Rc7+ Kh8 42. Rxb7 Bxe5+ 43. Kh4 Rf4+ 44. g4 Rf3 45. Rb8+ Kg7 46. Rb7+
Kh8 47. Rb8+ Kg7 48. Rb7+ Kh8 1/2-1/2

[Event "1st Abu Dhabi Super Blitz"]
[Site "chess.com INT"]
[Date "2020.04.15"]
[Round "3"]
[White "Krzyzanowski, Marcin"]
[Black "Sevian, Samuel"]
[Result "1-0"]
[WhiteTitle "GM"]
[BlackTitle "GM"]
[WhiteElo "2521"]
[BlackElo "2660"]
[WhiteFideId "1132199"]
[BlackFideId "2040506"]
[EventDate "2020.04.15"]
[EventType "blitz"]

1. d4 Nf6 2. Nf3 g6 3. g3 Bg7 4. Bg2 O-O 5. O-O d6 6. c4 Nbd7 7. Nc3 e5 8. Qc2
Re8 9. dxe5 Nxe5 10. Nxe5 Rxe5 11. e4 Rh5 12. Rd1 Bh3 13. f3 Bxg2 14. Qxg2 Nd7
15. Be3 Bxc3 16. bxc3 Qe7 17. Rd5 Re5 18. Rad1 Nb6 19. Rxe5 Qxe5 20. Bd4 Qe6 21.
c5 dxc5 22. Bxc5 Na4 23. Bd4 c5 24. Be3 Nxc3 25. Rc1 Nxa2 26. Rxc5 Rd8 27. Qb2
Qa6 28. Kg2 Qe6 29. Bh6 f6 30. Qxb7 Qd7 31. Rc7 1-0

[Event "1st Abu Dhabi Super Blitz"]
[Site "chess.com INT"]
[Date "2020.04.15"]
[Round "3"]
[White "Avalyan, Artur"]
[Black "Bruzon Batista, Lazaro"]
[Result "1-0"]
[WhiteTitle "FM"]
[BlackTitle "GM"]
[WhiteElo "2342"]
[BlackElo "2644"]
[WhiteFideId "34164550"]
[BlackFideId "3503739"]
[EventDate "2020.04.15"]
[EventType "blitz"]

1. d4 Nf6 2. c4 e6 3. Nc3 Bb4 4. e3 O-O 5. a3 Bxc3+ 6. bxc3 c5 7. Bd3 Nc6 8. Ne2
d6 9. e4 e5 10. O-O h6 11. d5 Ne7 12. f3 Nh7 13. Be3 f5 14. exf5 Bxf5 15. Ng3
Bxd3 16. Qxd3 Qd7 17. f4 exf4 18. Bxf4 Nf6 19. Rae1 Rae8 20. Re6 Nc8 21. Rfe1
Rxe6 22. dxe6 Qc6 23. h3 Ne8 24. Bxh6 Ne7 25. Bg5 Nf6 26. Rd1 b6 27. Qxd6 Qa4
28. Re1 Nc8 29. Qc7 Qxc4 30. e7 Re8 31. Bxf6 gxf6 32. Nh5 Qxc3 33. Rf1 Qd4+ 34.
Kh1 f5 35. Qg3+ Kf7 36. Rxf5+ Ke6 37. Qg6+ Kd7 38. Nf6+ 1-0

[Event "1st Abu Dhabi Super Blitz"]
[Site "chess.com INT"]
[Date "2020.04.15"]
[Round "3"]
[White "Van Foreest, Jorden"]
[Black "Cornette, Matthieu"]
[Result "1-0"]
[WhiteTitle "GM"]
[BlackTitle "GM"]
[WhiteElo "2682"]
[BlackElo "2558"]
[WhiteFideId "1039784"]
[BlackFideId "620084"]
[EventDate "2020.04.15"]
[EventType "blitz"]

1. e4 d6 2. d4 Nf6 3. Nc3 e5 4. Nf3 Nbd7 5. Bc4 Be7 6. a4 O-O 7. O-O exd4 8.
Qxd4 Nb6 9. Be2 a5 10. h3 Nfd7 11. Be3 Bf6 12. Qd2 Re8 13. Bd4 Nc5 14. e5 Bxe5
15. Bxc5 Bxc3 16. Qxc3 dxc5 17. Rfe1 Nd5 18. Qxc5 b6 19. Qc6 Bf5 20. Red1 Nb4
21. Rxd8 Nxc6 22. Rxe8+ Rxe8 23. Bb5 Bd7 24. Rd1 Re7 25. Nd4 Nxd4 26. Rxd4 Bxb5
27. axb5 f6 28. Kf1 Kf7 29. Rc4 g5 30. f4 Ke6 31. Kf2 Kd5 32. Rc6 gxf4 33. Rxf6
Kc5 34. Rxf4 Kxb5 35. g4 c5 36. g5 a4 37. h4 c4 38. c3 a3 39. bxa3 Rc7 40. Rf6
Ra7 41. h5 Rxa3 42. Rf3 Ra2+ 43. Kg3 Ka4 44. g6 hxg6 45. hxg6 Ra1 46. Kg2 Re1
47. g7 Re2+ 48. Rf2 Re8 49. Rf8 1-0

[Event "1st Abu Dhabi Super Blitz"]
[Site "chess.com INT"]
[Date "2020.04.15"]
[Round "3"]
[White "Meier, Georg"]
[Black "Moranda, Wojciech"]
[Result "1-0"]
[WhiteTitle "GM"]
[BlackTitle "GM"]
[WhiteElo "2621"]
[BlackElo "2605"]
[WhiteFideId "4675789"]
[BlackFideId "1122401"]
[EventDate "2020.04.15"]
[EventType "blitz"]

1. Nf3 Nf6 2. g3 g6 3. Bg2 Bg7 4. d4 O-O 5. O-O d6 6. b3 e5 7. dxe5 dxe5 8. Ba3
Qxd1 9. Rxd1 Re8 10. c4 e4 11. Nd4 c6 12. Nc3 Na6 13. Rac1 h5 14. h3 Bd7 15. Nc2
Rad8 16. Ne3 Bh6 17. Bd6 Bc8 18. b4 Bf8 19. Bxf8 Rxd1+ 20. Rxd1 Kxf8 21. a3 Nc7
22. c5 Be6 23. Rd4 Bd5 24. Kf1 Re5 25. Ke1 Ke7 26. h4 a5 27. Bh3 Be6 28. Bxe6
Nxe6 29. Rd1 axb4 30. axb4 Nc7 31. Nc4 Re6 32. Nd6 Nfd5 33. Nxd5+ Nxd5 34. Rd4
e3 35. Nxb7 exf2+ 36. Kxf2 Nc3 37. Nd8 Rf6+ 38. Ke1 Nb5 39. Rd3 Nc7 40. Nb7 Nd5
41. b5 Nb4 42. Re3+ Kd7 43. b6 Rf5 44. Re4 Na6 45. Rd4+ Rd5 46. Rxd5+ cxd5 47.
Kf2 Kc6 48. Nd6 f5 49. Nf7 Nxc5 50. Ne5+ Kxb6 51. Nxg6 Ne4+ 52. Kf3 Kc5 53. Ne7
Kd6 54. Nxf5+ Ke5 55. Ng7 Nf6 56. Ke3 Ng4+ 57. Kd3 Nf6 58. e3 Kd6 59. Kd4 Ne4
60. Nxh5 Ke6 61. g4 Nf2 62. Nf4+ Kd6 63. g5 Ng4 64. Nxd5 1-0

[Event "1st Abu Dhabi Super Blitz"]
[Site "chess.com INT"]
[Date "2020.04.15"]
[Round "3"]
[White "Florescu, Codrut-Constantin"]
[Black "Gabrielian, Artur"]
[Result "0-1"]
[WhiteTitle "IM"]
[BlackTitle "GM"]
[WhiteElo "2293"]
[BlackElo "2463"]
[WhiteFideId "1202200"]
[BlackFideId "4131002"]
[EventDate "2020.04.15"]
[EventType "blitz"]

1. d4 Nf6 2. c4 c5 3. d5 e6 4. Nc3 exd5 5. cxd5 d6 6. e4 g6 7. f3 Bg7 8. Bg5 a6
9. a4 Nbd7 10. Nh3 O-O 11. Qd2 Rb8 12. Nf2 Re8 13. Be2 Qc7 14. O-O c4 15. Rfc1
b5 16. axb5 axb5 17. b4 Ne5 18. Ra5 Bd7 19. Be3 h5 20. h3 Rec8 21. f4 Nd3 22.
Nxd3 cxd3 23. Bxd3 Qd8 24. Nxb5 Rxc1+ 25. Qxc1 Bxb5 26. Rxb5 Rxb5 27. Bxb5 Nxe4
28. Qc2 Nc3 29. Bc6 Qe7 30. Qd3 Nd1 31. Bb6 Qe1+ 32. Kh2 Qxb4 33. Qxd1 Qxb6 34.
f5 Be5+ 35. Kh1 gxf5 36. Bd7 Qf2 37. Bb5 Qf4 38. Kg1 Bd4+ 39. Kh1 Be5 40. Kg1 h4
41. Be2 Bd4+ 42. Kh1 Be5 43. Kg1 Qe3+ 44. Kh1 Qg3 45. Kg1 Kg7 46. Bf3 Qf4 47.
Qb1 Bd4+ 48. Kh1 Be5 49. Kg1 Kf6 50. Qd1 Bd4+ 51. Kh1 Be5 52. Kg1 Kg5 53. Qb1
Bd4+ 54. Kh1 Be5 55. Kg1 Qe3+ 56. Kh1 Kf4 57. Qd1 Kg5 58. Qg1 Qd2 59. Qd1 Qf4
60. Kg1 Bd4+ 61. Kh1 Kf6 62. Qb1 Be5 63. Kg1 Qd4+ 64. Kh1 Kg5 65. Qc1+ Bf4 66.
Qd1 Qe3 67. Qf1 Be5 68. Qd1 Qf4 69. Kg1 Kh6 70. Qb1 Qe3+ 71. Kh1 Kg5 72. Qd1 Kf4
73. Qf1 Kg3 74. Qd1 Kf2 75. Qb1 Kg3 76. Qf1 Kf4 77. Bg4+ Ke4 78. Qxf5+ Kd4 79.
Qf3 Qe1+ 0-1

[Event "1st Abu Dhabi Super Blitz"]
[Site "chess.com INT"]
[Date "2020.04.15"]
[Round "3"]
[White "Quparadze, Giga"]
[Black "Jones, Gawain C B"]
[Result "1-0"]
[WhiteTitle "GM"]
[BlackTitle "GM"]
[WhiteElo "2463"]
[BlackElo "2670"]
[WhiteFideId "13602250"]
[BlackFideId "409561"]
[EventDate "2020.04.15"]
[EventType "blitz"]

1. e4 e5 2. Nf3 Nc6 3. Bb5 a6 4. Ba4 d6 5. c3 g6 6. d4 Bd7 7. dxe5 Nxe5 8. Bxd7+
Qxd7 9. O-O Bg7 10. Nd4 Nf6 11. Nd2 O-O 12. f3 d5 13. f4 Neg4 14. e5 Ne3 15. Qe2
Nfg4 16. Rf3 c5 17. N4b3 d4 18. Nxc5 Qd5 19. Ndb3 b6 20. cxd4 Nf5 21. Qe4 Rfd8
22. Qxd5 Rxd5 23. h3 bxc5 24. hxg4 Nxd4 25. Nxd4 cxd4 26. Rd3 g5 27. g3 f6 28.
exf6 Bxf6 29. Bd2 Rc8 30. Rc1 Rxc1+ 31. Bxc1 Rc5 32. Bd2 Rc2 33. fxg5 Bg7 34.
Kf2 Rxb2 35. a3 Kf7 36. Kf3 Ke6 37. Ke4 Ra2 38. a4 Rxa4 39. Rb3 Ra2 40. Rb6+ Kf7
41. Rb7+ Kg6 42. Bf4 Re2+ 43. Kd3 Re6 44. Kc4 a5 45. Ra7 Rc6+ 46. Kd5 Rb6 47.
Rxa5 d3 48. Ra3 Rb7 49. Kc6 d2 50. Rd3 Re7 51. Rd6+ Kf7 52. Rxd2 Re6+ 53. Kd5
Re8 54. Ra2 Kg6 55. Ra6+ Kf7 56. Ra7+ Kg6 57. Rb7 Re1 58. Rb6+ Kf7 59. Bd6 Re3
60. Bf4 Re8 61. Kc4 Re4+ 62. Kd3 Re1 63. Be3 Rd1+ 64. Ke4 Rd7 65. Bf4 Ra7 66.
Rb5 Ke6 67. Rb6+ Kf7 68. Kf3 Ra3+ 69. Kg2 Ra7 70. Rc6 Re7 71. Kh3 Re6 72. Rc7+
Re7 73. Rc1 Re6 74. Kh4 Bf8 75. Rc7+ Kg6 76. Rc8 Be7 77. Kh3 Kf7 78. Rh8 Kg7 79.
Re8 Kf7 80. Rc8 Kg7 81. Kg2 Kg6 82. Kf3 Kf7 83. Ra8 Bf8 84. Ra7+ Be7 85. Be3 Kg6
86. Ra8 Kf7 87. Rb8 Kg6 88. Rb5 Kf7 89. Bd4 Kg6 90. Kf4 Bd6+ 91. Kf3 Be7 92. Be3
Kf7 93. Rf5+ Kg6 94. Bf4 Bd8 95. Rd5 Be7 96. Rb5 Kf7 97. Rb8 Kg6 98. Be3 Kf7 99.
Rh8 Kg6 100. Bd4 Kxg5 101. Rxh7 Bf6 102. Be3+ Kg6 103. Rh6+ Kf7 104. Bf4 Bg7
105. Rh5 Ra6 106. g5 Kg6 107. Kg4 Ra4 108. Rh1 Ra6 109. Rb1 Rc6 110. Rb5 Ra6
111. Rd5 Rc6 112. Rd7 Ra6 113. Bd6 Ra4+ 114. Kh3 Ra6 115. Be7 Re6 116. Kg4 Re4+
117. Kf3 Ra4 118. Bd8 Ra6 119. Rd5 Re6 120. Bc7 Bf8 121. Bf4 Be7 122. Rb5 Rc6
123. Kg4 Re6 124. Rb8 Rc6 125. Rg8+ Kf7 126. Rh8 Kg7 127. Be5+ Kf7 128. Rh7+ Ke8
129. Kf5 Rc5 130. Ke6 Rc6+ 131. Kf5 Rc5 132. g6 Bd6 133. Rh8+ Ke7 134. g7 Rxe5+
135. Kg6 Re4 136. Re8+ Kxe8 137. g8=Q+ Ke7 138. Kf5 Re5+ 139. Kg6 Rc5 140. Qf7+
Kd8 141. g4 Be7 142. Qe6 Rg5+ 143. Kf7 Bc5 144. Qf6+ Be7 145. Qxe7+ Kc8 1-0